[Event "FIDE World Senior Team Championship 2020"]
[Site "Olympik hotel, Sokolovska 138,"]
[Date "2020.03.09"]
[Round "4.26"]
[White "Aird, Ian"]
[Black "Schwieger, Wolfgang"]
[Result "1/2-1/2"]
[WhiteElo "1848"]
[BlackElo "1835"]
[PlyCount "98"]
[EventDate "2020.03.06"]
[WhiteTeam "SCO2"]
[BlackTeam "GER9"]

1. e4 d6 2. d4 g6 3. Nc3 Bg7 4. Be3 c6 5. f4 f6 6. Nf3 Nh6 7. Qd2 f5 8. e5 d5
9. h3 b6 10. Rg1 e6 11. Bf2 Ba6 12. Bh4 Qd7 13. Bxa6 Nxa6 14. Qe2 Nc7 15. Qf2
Nf7 16. g4 Nh6 17. Bg5 Nf7 18. gxf5 exf5 19. Qe3 Ne6 20. O-O-O Nfxg5 21. Nxg5
O-O-O 22. Nxe6 Qxe6 23. Qd3 Kb7 24. Kb1 Bf8 25. Ne2 Be7 26. Rg2 Rd7 27. Ng1
Rhd8 28. Nf3 Ka8 29. Qa6 Rb7 30. h4 Rg8 31. Rdg1 Bd8 32. h5 Rbg7 33. hxg6 Rxg6
34. Qf1 Kb7 35. Ng5 Bxg5 36. Rxg5 Rxg5 37. Rxg5 Rxg5 38. fxg5 Qg6 39. Qh3 Kc7
40. Qh6 Kd7 41. Kc1 Ke7 42. Qxg6 hxg6 43. Kd2 c5 44. c3 Kd7 45. Ke3 Kc6 46. Kf4
b5 47. b4 cxd4 48. cxd4 Kd7 49. Ke3 Ke6 1/2-1/2

[Event "FIDE World Senior Team Championship 2020"]
[Site "Olympik hotel, Sokolovska 138,"]
[Date "2020.03.09"]
[Round "4.26"]
[White "Carsten, Juergen"]
[Black "Grant, Glynis"]
[Result "1-0"]
[WhiteElo "1781"]
[BlackElo "1249"]
[PlyCount "65"]
[EventDate "2020.03.06"]
[WhiteTeam "GER9"]
[BlackTeam "SCO2"]

1. e4 c5 2. c3 d6 3. f4 Qc7 4. d4 cxd4 5. cxd4 a6 6. Nc3 e6 7. Nf3 g6 8. e5
dxe5 9. fxe5 Bg7 10. Ne4 Ne7 11. Nd6+ Kf8 12. Ng5 h6 13. Ngxf7 Rh7 14. Qf3 Kg8
15. Bd3 Nbc6 16. Be3 Bd7 17. O-O Rf8 18. g4 Qb8 19. Qg3 Nd8 20. Nxd8 Rxd8 21.
Rf7 Bh8 22. Raf1 Rxf7 23. Rxf7 Bc6 24. Rxe7 Rf8 25. Be4 Bxe4 26. Nxe4 Qc8 27.
Qg2 Qc4 28. Nc3 Qd3 29. Qe2 Qxe2 30. Nxe2 g5 31. Rxb7 Rc8 32. Nc3 Rf8 33. Kg2
1-0

[Event "FIDE World Senior Team Championship 2020"]
[Site "Olympik hotel, Sokolovska 138,"]
[Date "2020.03.09"]
[Round "4.27"]
[White "Horak, Vladimir"]
[Black "Dettmann, Holger"]
[Result "1/2-1/2"]
[WhiteElo "1982"]
[BlackElo "2012"]
[PlyCount "94"]
[EventDate "2020.03.06"]
[WhiteTeam "CZE14"]
[BlackTeam "GER11"]

1. d4 f5 2. g3 Nf6 3. Bg2 e6 4. c4 d5 5. Nc3 c6 6. cxd5 exd5 7. Nf3 Bd6 8. Bf4
Ne4 9. Bxd6 Qxd6 10. e3 Nd7 11. O-O O-O 12. Qc2 Qe7 13. a3 g5 14. b4 g4 15. Nh4
Ndf6 16. Rac1 Nxc3 17. Qxc3 Ne4 18. Bxe4 fxe4 19. Qc5 Qf6 20. Ng2 Bd7 21. Nf4
b6 22. Qc2 Qd6 23. Qb3 b5 24. Qc3 Kf7 25. Qc5 Ke7 26. Qxd6+ Kxd6 27. Rc2 a5 28.
Rb1 axb4 29. axb4 Ra4 30. Ne2 Rfa8 31. Nc3 Ra1 32. Rcc1 Rxb1 33. Rxb1 Ra3 34.
Ne2 Ra2 35. Nc1 Ra4 36. Kf1 h5 37. Ke2 Kc7 38. Kd2 Ra8 39. Kc3 Rf8 40. Rb2 Bc8
41. Re2 Kd6 42. Kd2 Bd7 43. Ke1 Ra8 44. Ra2 Rxa2 45. Nxa2 Be8 46. Nc1 Bf7 47.
Ne2 Ke7 1/2-1/2

[Event "FIDE World Senior Team Championship 2020"]
[Site "Olympik hotel, Sokolovska 138,"]
[Date "2020.03.09"]
[Round "4.27"]
[White "Schroeter, Reinhard"]
[Black "Grecny, Karol"]
[Result "1-0"]
[WhiteElo "1738"]
[BlackElo "1839"]
[PlyCount "45"]
[EventDate "2020.03.06"]
[WhiteTeam "GER11"]
[BlackTeam "CZE14"]

1. d4 Nf6 2. Nf3 e6 3. c4 d5 4. Nc3 Be7 5. Bg5 Nbd7 6. e3 O-O 7. Bd3 b6 8. cxd5
exd5 9. O-O h6 10. Bh4 Bb7 11. Rc1 c5 12. b3 a6 13. h3 b5 14. dxc5 Nxc5 15. Bb1
Nce4 16. Nd4 Nxc3 17. Rxc3 Ne4 18. Bxe4 dxe4 19. Bxe7 Qxe7 20. Qg4 Rad8 21.
Rfc1 Rd7 22. Nf5 Qg5 23. Nxh6+ 1-0

[Event "FIDE World Senior Team Championship 2020"]
[Site "Olympik hotel, Sokolovska 138,"]
[Date "2020.03.09"]
[Round "4.27"]
[White "Maly, Dusan"]
[Black "Kundt, Guenther"]
[Result "1-0"]
[WhiteElo "1742"]
[BlackElo "1747"]
[PlyCount "84"]
[EventDate "2020.03.06"]
[WhiteTeam "CZE14"]
[BlackTeam "GER11"]

1. Nf3 d5 2. d4 Nf6 3. g3 e6 4. c4 Be7 5. cxd5 exd5 6. Bg2 c6 7. O-O O-O 8. b3
b6 9. Bb2 Bb7 10. Nbd2 Nbd7 11. Rc1 Rc8 12. Ne5 c5 13. Bh3 Rc7 14. Ndf3 Bc8 15.
Bg2 Bb7 16. Nxd7 Nxd7 17. h4 Re8 18. Qd2 Bf6 19. Rfe1 Qa8 20. Nh2 Rec8 21. Bh3
h5 22. Nf3 Re8 23. Bxd7 Rxd7 24. dxc5 Bd8 25. cxb6 Bxb6 26. Qg5 f6 27. Bxf6 Rf7
28. Bd4 Ba5 29. Bc3 Bb6 30. Nd4 Ref8 31. Rf1 Qe8 32. Nf5 d4 33. Nh6+ Kh7 34.
Nxf7 dxc3 35. Nd6 Qc6 36. Qxh5+ Kg8 37. Nxb7 Qxb7 38. Rxc3 Qb8 39. Rf3 Rxf3 40.
Qxf3 Qd6 41. Rc1 Bc7 42. Qg4 Qd8 1-0

[Event "FIDE World Senior Team Championship 2020"]
[Site "Olympik hotel, Sokolovska 138, Prague"]
[Date "2020.03.12"]
[Round "7.4.1"]
[White "Ftacnik, Lubomir"]
[Black "Vokac, Marek"]
[Result "1/2-1/2"]
[WhiteElo "2513"]
[BlackElo "2348"]
[PlyCount "95"]
[WhiteTeam "SVK"]
[BlackTeam "CZE2"]
[EventDate "2020.03.06"]

1. d4 Nf6 2. Nf3 g6 3. Bf4 Bg7 4. c3 O-O 5. Nbd2 d6 6. h3 Qe8 7. e3 Nc6 8. Bh2
e5 9. dxe5 Nxe5 10. Nxe5 dxe5 11. Nc4 Nd7 12. Be2 Qe7 13. b4 e4 14. Rc1 Nf6 15.
Na5 Rd8 16. Qb3 Nd5 17. O-O c6 18. b5 cxb5 19. Bxb5 Be6 20. c4 Nb4 21. Nxb7
Qxb7 22. Qxb4 a6 23. a4 axb5 24. axb5 Ra2 25. c5 Rb2 26. c6 Qxb5 27. Qxe4 Rb4
28. c7 Rc8 29. Qc6 Be5 30. Bxe5 Qxe5 31. Rfd1 Qf6 32. Rd2 Kg7 33. Qd6 Rb2 34.
Rxb2 Qxb2 35. Qc5 h5 36. Rc2 Qa1+ 37. Kh2 Qf6 38. f4 Qf5 39. Qc3+ Qf6 40. Qc5
h4 41. Rd2 Re8 42. Rd6 Rc8 43. Rd2 Kh6 44. Rd8 Kh7 45. Qd6 Qg7 46. Qe7 g5 47.
Rxc8 Bxc8 48. fxg5 1/2-1/2

[Event "FIDE World Senior Team Championship 2020"]
[Site "Olympik hotel, Sokolovska 138, Prague"]
[Date "2020.03.12"]
[Round "7.4.2"]
[White "Zpevak, Pavel"]
[Black "Stohl, Igor"]
[Result "1/2-1/2"]
[WhiteElo "2344"]
[BlackElo "2470"]
[PlyCount "21"]
[WhiteTeam "CZE2"]
[BlackTeam "SVK"]
[EventDate "2020.03.06"]

1. d4 Nf6 2. c4 e6 3. Nf3 b6 4. Nc3 Bb7 5. a3 d5 6. Bg5 Be7 7. Qa4+ Bc6 8. Qb3
dxc4 9. Qxc4 O-O 10. Bxf6 Bxf6 11. e4 1/2-1/2

[Event "FIDE World Senior Team Championship 2020"]
[Site "Olympik hotel, Sokolovska 138, Prague"]
[Date "2020.03.12"]
[Round "7.4.3"]
[White "Motuz, Karol"]
[Black "Polasek, Jaroslav"]
[Result "1-0"]
[WhiteElo "2368"]
[BlackElo "2365"]
[PlyCount "47"]
[WhiteTeam "SVK"]
[BlackTeam "CZE2"]
[EventDate "2020.03.06"]

1. d4 e6 2. Nf3 f5 3. g3 Nf6 4. Bg2 Be7 5. O-O O-O 6. c4 d6 7. b3 Qe8 8. Bb2
Nc6 9. Nbd2 Bd8 10. Re1 e5 11. e4 fxe4 12. dxe5 dxe5 13. Nxe4 Bg4 14. h3 Bh5
15. g4 Bg6 16. Nc5 e4 17. Ng5 h6 18. Ngxe4 Nxe4 19. Nxe4 Be7 20. Re3 Kh8 21.
Qe2 Qf7 22. Rf3 Qe6 23. Qe3 Rad8 24. Qxh6+ 1-0

[Event "FIDE World Senior Team Championship 2020"]
[Site "Olympik hotel, Sokolovska 138, Prague"]
[Date "2020.03.12"]
[Round "7.4.4"]
[White "Vrbata, Zbynek"]
[Black "Petran, Peter"]
[Result "1/2-1/2"]
[WhiteElo "2350"]
[BlackElo "2268"]
[PlyCount "38"]
[WhiteTeam "CZE2"]
[BlackTeam "SVK"]
[EventDate "2020.03.06"]

1. d4 g6 2. e4 Bg7 3. c4 Nc6 4. Nf3 e5 5. Bg5 Nge7 6. dxe5 Nxe5 7. Nxe5 Bxe5 8.
Nc3 h6 9. Be3 d6 10. Qd2 Bg7 11. Be2 Be6 12. O-O a6 13. Rfd1 h5 14. Rac1 O-O
15. Bd4 f6 16. Nd5 Nc6 17. Be3 Kh7 18. b3 Re8 19. Qc2 b6 1/2-1/2

[Event "FIDE World Senior Team Championship 2020"]
[Site "Olympik hotel, Sokolovska 138, Prague"]
[Date "2020.03.12"]
[Round "7.5.2"]
[White "Kempter, Ronald"]
[Black "Sorm, Daniel"]
[Result "0-1"]
[WhiteElo "2238"]
[BlackElo "2328"]
[PlyCount "80"]
[WhiteTeam "GER5"]
[BlackTeam "CZE3"]
[EventDate "2020.03.06"]

1. Nf3 d5 2. c4 e6 3. g3 d4 4. e3 c5 5. exd4 cxd4 6. Bg2 Nc6 7. d3 Nf6 8. O-O
Bd6 9. Nbd2 h6 10. Re1 O-O 11. Ne4 Nxe4 12. Rxe4 f5 13. Re1 Qf6 14. a3 a5 15.
Rb1 e5 16. Qc2 a4 17. b4 axb3 18. Qxb3 Kh8 19. Bb2 Ra7 20. Nd2 Bd7 21. Ra1 Rfa8
22. Rec1 Qe7 23. Re1 Qf6 24. Rec1 Bc5 25. Re1 Qd6 26. Nb1 Nd8 27. Qd1 Nf7 28.
Bd5 Ng5 29. h4 Nh7 30. Bg2 Nf6 31. Qe2 Re8 32. Kh1 e4 33. Nd2 Bc6 34. Nb3 f4
35. dxe4 Nxe4 36. Nxc5 Nxg3+ 37. fxg3 Rxe2 38. Rxe2 f3 39. Ne4 fxg2+ 40. Kxg2
Qg6 0-1

[Event "FIDE World Senior Team Championship 2020"]
[Site "Olympik hotel, Sokolovska 138, Prague"]
[Date "2020.03.12"]
[Round "7.6.2"]
[White "Fraser-Mitchell, Jeremy N"]
[Black "Plotkin, Victor"]
[Result "0-1"]
[WhiteElo "2059"]
[BlackElo "2339"]
[PlyCount "64"]
[WhiteTeam "ENG2"]
[BlackTeam "CAN"]
[EventDate "2020.03.06"]

1. d4 d5 2. Bf4 Nf6 3. e3 c5 4. c3 Qb6 5. Qb3 Nc6 6. Nd2 e6 7. Ngf3 Be7 8. Be2
O-O 9. O-O Qxb3 10. axb3 Bd7 11. Ne5 Nxe5 12. Bxe5 cxd4 13. exd4 Rfc8 14. h3
Ne8 15. Ra2 f6 16. Bf4 Bd6 17. Bxd6 Nxd6 18. Rfa1 a6 19. Ra5 Re8 20. Bd3 Bc6
21. c4 Rad8 22. c5 Nb5 23. Bxb5 Bxb5 24. Nb1 e5 25. Nc3 Bd3 26. dxe5 fxe5 27.
Rd1 e4 28. b4 d4 29. Na4 e3 30. fxe3 dxe3 31. Nc3 e2 32. Re1 Rf8 0-1

[Event "FIDE World Senior Team Championship 2020"]
[Site "Olympik hotel, Sokolovska 138, Prague"]
[Date "2020.03.12"]
[Round "7.7.1"]
[White "Bryson, Douglas M"]
[Black "Arkell, Keith C"]
[Result "0-1"]
[WhiteElo "2334"]
[BlackElo "2447"]
[PlyCount "184"]
[WhiteTeam "SCO1"]
[BlackTeam "ENG1"]
[EventDate "2020.03.06"]

1. e4 d5 2. exd5 Qxd5 3. Nc3 Qd8 4. d4 Nf6 5. Nf3 Bg4 6. h3 Bxf3 7. Qxf3 c6 8.
Be3 e6 9. Bc4 Nbd7 10. O-O Be7 11. Rad1 O-O 12. Ne2 Nb6 13. Bb3 a5 14. a3 a4
15. Ba2 Nfd5 16. Bd2 Qc7 17. c4 Nf6 18. Bf4 Qd7 19. Nc3 Bd8 20. Rfe1 Qc8 21. g4
Bc7 22. Bc1 Re8 23. g5 Nfd7 24. Ne4 Ra5 25. Ng3 c5 26. d5 Ne5 27. Qc3 exd5 28.
cxd5 c4 29. d6 Nd5 30. Rxd5 Rxd5 31. Rxe5 Rexe5 32. dxc7 Qxc7 33. Bf4 b5 34.
Bxe5 Qxe5 35. Qf3 Qxg5 36. Bb1 g6 37. Be4 Rd8 38. Kg2 h5 39. h4 Qe5 40. Bc6 Rd3
41. Qe4 Qxe4+ 42. Nxe4 Rb3 43. Nc3 Rxb2 44. Nxb5 Rb3 45. Kf1 Kg7 46. Ke2 f6 47.
Kd2 g5 48. Nc3 gxh4 49. Bxa4 Rxa3 50. Bb5 Rb3 51. Bxc4 Rb2+ 52. Ke3 Rc2 53. Kd3
Rxf2 54. Ne4 Rf5 55. Be6 Ra5 56. Bh3 Ra3+ 57. Nc3 Kg6 58. Kd2 Kg5 59. Be6 f5
60. Bd5 h3 61. Nd1 Ra5 62. Bc6 Ra2+ 63. Ke1 h2 64. Nf2 Ra1+ 65. Ke2 Kf4 66. Nh1
Ra2+ 67. Kd3 h4 68. Bb7 Kg4 69. Bc6 Ra6 70. Bb7 Re6 71. Kd2 Re8 72. Nf2+ Kg5
73. Nh3+ Kf6 74. Nf2 Rb8 75. Bc6 Rb6 76. Bf3 Rb2+ 77. Ke1 h3 78. Bh1 Rc2 79.
Bb7 Ke5 80. Nd3+ Kd4 81. Nf2 Ra2 82. Bc6 Ra3 83. Ke2 Re3+ 84. Kf1 Rb3 85. Ke2
Rc3 86. Bb7 Re3+ 87. Kf1 Rb3 88. Bc6 f4 89. Bh1 Ra3 90. Ke2 f3+ 91. Ke1 Ra1+
92. Nd1 f2+ 0-1

[Event "FIDE World Senior Team Championship 2020"]
[Site "Olympik hotel, Sokolovska 138, Prague"]
[Date "2020.03.12"]
[Round "7.7.2"]
[White "Hebden, Mark L"]
[Black "Farrell, Neil"]
[Result "1-0"]
[WhiteElo "2444"]
[BlackElo "2183"]
[PlyCount "85"]
[WhiteTeam "ENG1"]
[BlackTeam "SCO1"]
[EventDate "2020.03.06"]

1. d4 e6 2. Nf3 Nf6 3. Bg5 c5 4. e3 h6 5. Bh4 Nc6 6. c3 d5 7. Nbd2 Be7 8. Bd3
b6 9. Ne5 Nxe5 10. dxe5 Nd7 11. Bxe7 Qxe7 12. f4 O-O 13. Qh5 c4 14. Bc2 Nc5 15.
Nf3 Bd7 16. Nd4 Be8 17. O-O f5 18. Qe2 Qh4 19. b4 cxb3 20. axb3 Bh5 21. Qe1 Qe7
22. b4 Ne4 23. Bxe4 dxe4 24. Ra3 Rfc8 25. Qa1 Rc7 26. Qa2 Bf7 27. Ra1 a5 28.
bxa5 Rxa5 29. Rxa5 bxa5 30. Qxa5 Rc5 31. Qb4 Qc7 32. Ra3 Rc4 33. Qb2 Qc5 34. h3
Kh7 35. Kh2 Qc7 36. Rb3 Bg8 37. Qa1 Qc5 38. Qa3 Qc7 39. Nb5 Qd8 40. Nd6 Rc6 41.
Rb7 Kh8 42. c4 Qh4 43. Ne8 1-0

[Event "FIDE World Senior Team Championship 2020"]
[Site "Olympik hotel, Sokolovska 138, Prague"]
[Date "2020.03.12"]
[Round "7.7.3"]
[White "Grant, Jonathan I M"]
[Black "Flear, Glenn C"]
[Result "0-1"]
[WhiteElo "2166"]
[BlackElo "2420"]
[PlyCount "76"]
[WhiteTeam "SCO1"]
[BlackTeam "ENG1"]
[EventDate "2020.03.06"]

1. c4 e6 2. Nf3 d5 3. e3 Nf6 4. Nc3 a6 5. b3 Bd6 6. Bb2 O-O 7. Be2 dxc4 8. bxc4
b6 9. Qc2 Bb7 10. g4 Nxg4 11. Ne4 f5 12. Neg5 Qe7 13. Rg1 Nf6 14. Nd4 Bxh2 15.
O-O-O Bxg1 16. Rxg1 Nbd7 17. Ngxe6 g6 18. Nxf8 Kxf8 19. d3 Re8 20. Qc3 Qd6 21.
Bf3 Bxf3 22. Nxf3 Ke7 23. Ba3 c5 24. d4 Ne4 25. Qc2 Kf7 26. Rd1 Qc7 27. Bb2
cxd4 28. Rxd4 Ndc5 29. Rd5 Rd8 30. Ne5+ Ke6 31. f3 Nf6 32. Rxd8 Qxd8 33. Nc6
Qd3 34. Nd4+ Kf7 35. Qc3 Qxc3+ 36. Bxc3 h5 37. Ne2 Ne8 38. Be5 Nd3+ 0-1

[Event "FIDE World Senior Team Championship 2020"]
[Site "Olympik hotel, Sokolovska 138, Prague"]
[Date "2020.03.12"]
[Round "7.7.4"]
[White "McDonald, Neil"]
[Black "Burnett, Andrew"]
[Result "1/2-1/2"]
[WhiteElo "2410"]
[BlackElo "2138"]
[PlyCount "172"]
[WhiteTeam "ENG1"]
[BlackTeam "SCO1"]
[EventDate "2020.03.06"]

1. e4 g6 2. d4 Bg7 3. Nc3 d6 4. f4 a6 5. Nf3 Nd7 6. Bc4 e6 7. f5 Nb6 8. Bb3 c5
9. dxc5 dxc5 10. Qxd8+ Kxd8 11. Be3 exf5 12. O-O-O+ Nd7 13. exf5 Bh6 14. Bxh6
Nxh6 15. Ne5 Rf8 16. Rxd7+ Bxd7 17. Rd1 Re8 18. Nxd7 Kc7 19. fxg6 hxg6 20. Nxc5
Rad8 21. Rf1 Re5 22. Nd3 Rg5 23. g3 Rh5 24. h4 Rf5 25. Nf4 Kb8 26. Re1 g5 27.
hxg5 Rxg5 28. Ne4 Re5 29. Nd3 Re7 30. Rh1 Nf5 31. g4 Nd4 32. Ng3 Rc7 33. Kd1
Rg8 34. Nf5 Nxb3 35. axb3 Rxg4 36. Rh2 Rg1+ 37. Kd2 Rf1 38. Ne3 Rf3 39. Ne5 Rf4
40. N3c4 f6 41. Nd3 Rg4 42. Rf2 Rg6 43. Nb6 Rcg7 44. Nd5 Rg2 45. Nxf6 Rxf2+ 46.
Nxf2 Rg1 47. c4 Rg2 48. N6e4 Rh2 49. Kc3 Rh4 50. Kd4 Rh8 51. Nd3 Rd8+ 52. Kc3
Rh8 53. b4 Rh3 54. Nf6 Rh4 55. Nd5 Rg4 56. c5 Rh4 57. N5f4 Kc7 58. Ne6+ Kb8 59.
Nd4 Kc7 60. Nf5 Re4 61. Nd6 Rh4 62. Ne5 Rh3+ 63. Kc4 Rh4+ 64. Kb3 Rh3+ 65. Ka4
Rh2 66. Nec4 Rh3 67. Ka5 Rb3 68. b5 axb5 69. Nxb5+ Kb8 70. Kb6 Rb4 71. b3 Rxb3
72. Ncd6 Rb1 73. Ne4 Rb4 74. Nec3 Rb2 75. Ka5 Rb3 76. Ka4 Rb2 77. Ka3 Rh2 78.
Nd5 Rh5 79. Nbc3 Rh4 80. Kb3 Rd4 81. Nb6 Rh4 82. Nc4 Kc7 83. Na5 Rh3 84. Nc4
Kc6 85. Kb4 Rxc3 86. Kxc3 Kxc5 1/2-1/2

[Event "FIDE World Senior Team Championship 2020"]
[Site "Olympik hotel, Sokolovska 138, Prague"]
[Date "2020.03.12"]
[Round "7.9.4"]
[White "Titorenko, Natalia I"]
[Black "Kalvach, Ladislav"]
[Result "1/2-1/2"]
[WhiteElo "2113"]
[BlackElo "1773"]
[PlyCount "125"]
[WhiteTeam "RUSW"]
[BlackTeam "CZE6"]
[EventDate "2020.03.06"]

1. Nf3 Nf6 2. g3 b6 3. Bg2 Bb7 4. O-O e6 5. c4 c5 6. Nc3 Be7 7. b3 O-O 8. Bb2
Nc6 9. e3 d5 10. d3 a6 11. Qe2 Qc7 12. cxd5 exd5 13. Rac1 b5 14. Nh4 Rfd8 15.
Nf5 Bf8 16. Nb1 d4 17. e4 g6 18. Nh4 Re8 19. Nd2 Rad8 20. Rfe1 Bc8 21. Qf1 Ng4
22. h3 Nh6 23. Nhf3 f6 24. a3 Qb6 25. Re2 Rd7 26. Ne1 a5 27. f4 Nf7 28. Nef3
Nd6 29. Ba1 b4 30. a4 Ba6 31. Ne1 c4 32. bxc4 Nb7 33. Nb3 Nc5 34. Nxc5 Bxc5 35.
Kh2 b3 36. Rb1 Qb4 37. Reb2 Qxa4 38. Rxb3 Nb4 39. Qe2 Rde7 40. Nc2 Nxc2 41.
Qxc2 Rd8 42. Qf2 Ba7 43. Qd2 Bc5 44. R3b2 Bb4 45. Qf2 Qd7 46. Ra2 Bb7 47. Bb2
Ree8 48. Ba3 Bc3 49. Bc1 Bc6 50. Qc2 Rb8 51. Bd2 Bxd2 52. Rxb8 Rxb8 53. Qxd2 a4
54. Bf3 Qb7 55. Bd1 Qa7 56. Bc2 a3 57. Qc1 Ra8 58. Bb3 Qc5 59. Bd1 Kg7 60. g4
g5 61. fxg5 fxg5 62. Kg2 Kg6 63. Bf3 1/2-1/2

[Event "FIDE World Senior Team Championship 2020"]
[Site "Olympik hotel, Sokolovska 138, Prague"]
[Date "2020.03.12"]
[Round "7.10.1"]
[White "Kozak, Milos"]
[Black "Matveeva, Svetlana"]
[Result "0-1"]
[WhiteElo "2174"]
[BlackElo "2375"]
[PlyCount "50"]
[WhiteTeam "CZE5"]
[BlackTeam "RUS2"]
[EventDate "2020.03.06"]

1. Nf3 Nf6 2. d4 g6 3. c4 Bg7 4. g3 O-O 5. Bg2 d6 6. Nc3 Nbd7 7. O-O e5 8. e4
exd4 9. Nxd4 Re8 10. h3 Nc5 11. Re1 Bd7 12. Kh2 a6 13. a4 a5 14. Ndb5 Qc8 15.
f3 Be6 16. Nd5 Nxd5 17. cxd5 Bd7 18. Qc2 f5 19. Be3 b6 20. Nd4 fxe4 21. fxe4
Re5 22. h4 Qe8 23. Bf4 Bxa4 24. b3 Re7 25. bxa4 Bxd4 0-1

[Event "FIDE World Senior Team Championship 2020"]
[Site "Olympik hotel, Sokolovska 138, Prague"]
[Date "2020.03.12"]
[Round "7.10.3"]
[White "Trejbal, Stanislav"]
[Black "Yakimenko, Alexander A."]
[Result "1-0"]
[WhiteElo "2092"]
[BlackElo "2149"]
[PlyCount "163"]
[WhiteTeam "CZE5"]
[BlackTeam "RUS2"]
[EventDate "2020.03.06"]

1. e4 e6 2. d4 d5 3. exd5 exd5 4. c3 Bd6 5. Bd3 Ne7 6. Ne2 Nbc6 7. Bf4 Bg4 8.
f3 Bh5 9. Qc2 Bg6 10. Nd2 Bxf4 11. Nxf4 Qd6 12. Ne2 h5 13. O-O-O h4 14. Nf1
O-O-O 15. Ne3 Kb8 16. Rde1 Qf6 17. Bxg6 fxg6 18. Ng4 Qg5+ 19. Qd2 Qf5 20. Nf4
Rd6 21. Re2 Rf8 22. Nh3 Nc8 23. Rhe1 Nb4 24. Re3 Nxa2+ 25. Kd1 Rb6 26. Ke2 Nd6
27. Ne5 Kc8 28. Nf2 Nc4 29. Nxc4 dxc4 30. Re5 Qf6 31. Kf1 Rd8 32. Ng4 Qc6 33.
h3 Qa4 34. R1e2 a6 35. Re7 Kb8 36. Ne5 Qb5 37. Rxg7 a5 38. Qf4 a4 39. Nxg6 Nxc3
40. bxc3 Qb1+ 41. Kf2 Rbd6 42. Ne5 a3 43. Qd2 Qb3 44. Qa2 Qxc3 45. Qxc4 Qxd4+
46. Qxd4 Rxd4 47. Rg4 c5 48. Nc4 b5 49. Nxa3 b4 50. Nc2 Rxg4 51. hxg4 Kc7 52.
g5 Kc6 53. f4 b3 54. Na3 Ra8 55. Nb1 Kd5 56. Kf3 c4 57. g6 Rc8 58. Rd2+ Ke6 59.
Nc3 Kf5 60. g7 Kg6 61. Rd7 b2 62. Kg4 Rb8 63. Nb1 Kh7 64. Rc7 Rb3 65. Kxh4 Rd3
66. Rxc4 Rd1 67. Na3 Ra1 68. Rb4 Kxg7 69. Rxb2 Rxa3 70. g4 Ra5 71. Rb6 Rc5 72.
f5 Ra5 73. Kg5 Ra7 74. Re6 Ra4 75. Re7+ Kf8 76. f6 Rb4 77. Rg7 Ra4 78. Kh5 Rf4
79. g5 Ra4 80. Kg6 Ra1 81. Rb7 Ra8 82. Rh7 1-0

[Event "FIDE World Senior Team Championship 2020"]
[Site "Olympik hotel, Sokolovska 138, Prague"]
[Date "2020.03.12"]
[Round "7.10.4"]
[White "Chudinovskikh, Alexander M"]
[Black "Chaloupka, Frantisek"]
[Result "1-0"]
[WhiteElo "2139"]
[BlackElo "1990"]
[PlyCount "63"]
[WhiteTeam "RUS2"]
[BlackTeam "CZE5"]
[EventDate "2020.03.06"]

1. e4 c5 2. Nf3 d6 3. Bb5+ Nd7 4. O-O a6 5. Bd3 g6 6. a4 b6 7. c3 Bg7 8. Bc2 c4
9. b3 cxb3 10. Bxb3 Nc5 11. Bc2 Nf6 12. Re1 O-O 13. d4 Ne6 14. Nbd2 Bd7 15. Nf1
b5 16. h3 Qc7 17. Bd2 Rfc8 18. axb5 Bxb5 19. Ne3 Nd7 20. Nd5 Qd8 21. Ng5 Nxg5
22. Bxg5 f6 23. Bd2 Nb6 24. Nxb6 Qxb6 25. Qg4 Qd8 26. Bb3+ Kh8 27. Be6 Rc7 28.
Reb1 Bd7 29. Bxd7 Qxd7 30. Rxa6 Rxa6 31. Rb8+ Bf8 32. Bh6 1-0

[Event "FIDE World Senior Team Championship 2020"]
[Site "Olympik hotel, Sokolovska 138, Prague"]
[Date "2020.03.12"]
[Round "7.11.2"]
[White "Johnsen, Sylvia"]
[Black "Cerny, Martin"]
[Result "0-1"]
[WhiteElo "1853"]
[BlackElo "2123"]
[PlyCount "184"]
[WhiteTeam "NOR2"]
[BlackTeam "CZE4"]
[EventDate "2020.03.06"]

1. e4 c5 2. Nc3 e6 3. g3 Nc6 4. Bg2 Nge7 5. d3 Nd4 6. Nh3 g6 7. O-O Bg7 8. Rb1
O-O 9. Bg5 h6 10. Be3 Kh7 11. a3 Rb8 12. f4 d6 13. Nf2 Bd7 14. Ne2 d5 15. c3
Nxe2+ 16. Qxe2 d4 17. Bd2 dxc3 18. Bxc3 Bb5 19. Rfc1 Rc8 20. f5 Nc6 21. fxg6+
fxg6 22. Bxg7 Kxg7 23. b4 cxb4 24. axb4 Qd4 25. Qb2 Qxb2 26. Rxb2 Ne5 27. Ra1
Nxd3 28. Nxd3 Bxd3 29. e5 Rc7 30. b5 b6 31. Rb3 Bc2 32. Rba3 Rff7 33. Re3 Rc5
34. Bf1 Bf5 35. Be2 h5 36. h4 Rfc7 37. Raa3 Rc2 38. Bf1 Rc1 39. Kf2 R7c2+ 40.
Re2 Rc7 41. Rd2 Be4 42. Be2 Bd5 43. Rd4 Kh6 44. Rf4 Bc4 45. Bxc4 R1xc4 46. Rxc4
Rxc4 47. Rxa7 Rc5 48. Rb7 Rxb5 49. Kf3 Rxe5 50. Rxb6 Kg7 51. Rb4 Kf6 52. g4 Ra5
53. gxh5 gxh5 54. Kf4 Rf5+ 55. Kg3 Rc5 56. Kf4 Rc3 57. Rb5 Rc4+ 58. Kg3 e5 59.
Ra5 Rc3+ 60. Kg2 Kf5 61. Ra4 Rd3 62. Ra8 Kg4 63. Ra4+ Rd4 64. Ra8 Rd2+ 65. Kf1
Rh2 66. Ra4+ Kf3 67. Kg1 Rg2+ 68. Kf1 Rb2 69. Kg1 e4 70. Ra8 Rg2+ 71. Kf1 Rg4
72. Rf8+ Ke3 73. Ra8 Rxh4 74. Kg2 Rg4+ 75. Kf1 Rf4+ 76. Ke1 Rf5 77. Ra3+ Kf4
78. Ke2 Rb5 79. Ra8 Rb2+ 80. Kf1 Kf3 81. Rf8+ Ke3 82. Rh8 Rb1+ 83. Kg2 Ke2 84.
Rxh5 Rb6 85. Re5 e3 86. Re8 Rg6+ 87. Kh2 Kf2 88. Rf8+ Ke1 89. Re8 e2 90. Re7
Rg5 91. Re8 Rd5 92. Kg2 Kd2 0-1

[Event "FIDE World Senior Team Championship 2020"]
[Site "Olympik hotel, Sokolovska 138, Prague"]
[Date "2020.03.12"]
[Round "7.11.3"]
[White "Marsalek, Zdenek"]
[Black "Harstad, Christian"]
[Result "1-0"]
[WhiteElo "2177"]
[BlackElo "1854"]
[PlyCount "72"]
[WhiteTeam "CZE4"]
[BlackTeam "NOR2"]
[EventDate "2020.03.06"]

1. d4 Nf6 2. c4 g6 3. Nc3 Bg7 4. Nf3 O-O 5. g3 d6 6. Bg2 Nc6 7. O-O a6 8. h3
Bd7 9. e4 e5 10. Be3 Qc8 11. Kh2 Nh5 12. Rc1 exd4 13. Nxd4 Re8 14. Re1 Ne5 15.
Nd5 Be6 16. Rc2 Qd8 17. b3 c5 18. Ne2 Nc6 19. Rd2 Qa5 20. a4 Rad8 21. Bg5 Rc8
22. g4 h6 23. Be3 Nf6 24. Ndf4 Bxg4 25. hxg4 Nxg4+ 26. Kg1 Qd8 27. Bxc5 Qh4 28.
Bb6 Qh2+ 29. Kf1 g5 30. Rd3 Qh4 31. Rh3 Nh2+ 32. Kg1 Qg4 33. Nd5 Be5 34. f4
gxf4 35. Rxh2 f3 36. Nef4 Nd4 1-0

[Event "FIDE World Senior Team Championship 2020"]
[Site "Olympik hotel, Sokolovska 138, Prague"]
[Date "2020.03.12"]
[Round "7.12.1"]
[White "Richtrova, Eliska"]
[Black "Weyrich, Morten"]
[Result "0-1"]
[WhiteElo "2192"]
[BlackElo "2281"]
[PlyCount "80"]
[WhiteTeam "CZEW1"]
[BlackTeam "GER3"]
[EventDate "2020.03.06"]

1. e4 e5 2. Nf3 Nc6 3. Bb5 a6 4. Ba4 d6 5. d4 b5 6. Bb3 Nxd4 7. Nxd4 exd4 8.
Bd5 Rb8 9. Bc6+ Bd7 10. Bxd7+ Qxd7 11. Qxd4 Nf6 12. O-O Be7 13. Nd2 O-O 14. h3
Qc6 15. c3 Rfe8 16. Re1 Bf8 17. b4 Re6 18. Bb2 Rbe8 19. f3 Qb7 20. Qf2 Nd7 21.
Nb3 Ne5 22. Na5 Qc8 23. Rad1 c5 24. f4 Nd7 25. Qf3 c4 26. Re3 f5 27. Rde1 Qa8
28. Bc1 fxe4 29. Qd1 Nf6 30. Rg3 Nd5 31. Be3 Nxe3 32. Rexe3 d5 33. Rg5 Qa7 34.
Kf2 d4 35. cxd4 Bxb4 36. d5 Rf6 37. Nc6 Rxf4+ 38. Ke2 Qf7 39. Qg1 Bc5 40. g3
Rf3 0-1

[Event "FIDE World Senior Team Championship 2020"]
[Site "Olympik hotel, Sokolovska 138,"]
[Date "2020.03.12"]
[Round "7.13"]
[White "Schweitzer, Andreas"]
[Black "Malinovsky, Petr"]
[Result "1-0"]
[WhiteElo "2290"]
[BlackElo "2101"]
[PlyCount "63"]
[EventDate "2020.03.06"]
[WhiteTeam "GER2"]
[BlackTeam "CZE9"]

1. e4 c5 2. Nf3 g6 3. d4 cxd4 4. Nxd4 Nc6 5. c4 Nf6 6. Nc3 d6 7. Be2 Nxd4 8.
Qxd4 Bg7 9. Be3 O-O 10. Qd2 Be6 11. O-O Qa5 12. Rab1 Rfc8 13. b3 a6 14. Rfc1 b5
15. b4 Qd8 16. cxb5 axb5 17. Bxb5 Ra3 18. Nd5 Rca8 19. Nxf6+ Bxf6 20. Bc6 Rxa2
21. Rc2 Rxc2 22. Qxc2 Qc8 23. b5 Bd7 24. Rc1 Bxc6 25. Qxc6 Qxc6 26. Rxc6 Rb8
27. b6 Kf8 28. Rc7 e6 29. b7 Bd8 30. Rc8 Rxb7 31. Rxd8+ Ke7 32. Rc8 1-0